00742nam a2200169 a 4500003000200000005001700002008004100019050003000060100002700090245014000117260009000257300004000347504004100387650005700428650005200485650003500537020250509143104.0970101s19uu xx 00 eng d aPHS RJ 506.A45b.N43 2004 aNedjadi, Mounir Rojas. aThe Effects of alcohol Intake on the academic performance of Brent International School High School students /cMournir Rojas Nedjadi. aLas Piñas City, Philippines :bSouthville International School and Colleges,c2004. a36 pages :billustrations ;c28 cm. aIncludes bibliographical references. aTeenage alcohol drinkingzPhilippinesxCase studies. aHigh school studentszPhilippinesxAlcohol use. aAlcoholxPhysiological effect.